| 000 | 00918nam a22002535a 4500 | ||
|---|---|---|---|
| 003 | OSt | ||
| 005 | 20170704142153.0 | ||
| 008 | 170615s2010 ua grb 000 0 ara d | ||
| 017 | _a1991 / 5541 | ||
| 020 | _a9775201039 | ||
| 040 |
_aEG-ScBUE _bara _cEG-ScBUE |
||
| 082 | 0 | 4 |
_222 _bم ق ل _a327 |
| 100 | 1 | _aمقلد، إسماعيل صبري. | |
| 245 | 1 | 2 |
_aالعلاقات السياسية الدولية : _bدراسة في الأصول والنظريات / _cتأليف إسماعيل صبري مقلد. |
| 250 | _aط. 4. | ||
| 260 |
_aالجيزة، مصر : _bالمكتبة الأكاديمية، _c2010. |
||
| 300 |
_a750 ص. ؛ _c24 سم. |
||
| 504 | _aيشتمل على إرجاعات ببليوجرافية. | ||
| 590 | _aدعاء | ||
| 650 | 7 |
_2BUEsh _aالسياسة الدولية. _917594 |
|
| 653 |
_bGGEN _cJune2017 |
||
| 650 | 7 |
_940818 _aالعلاقات الخارجية _2BUEsh |
|
| 942 | _2ddc | ||
| 999 |
_c24924 _d24896 |
||